| 000 | 00594nam a2200181 a 4500 | ||
|---|---|---|---|
| 001 | 000037382 | ||
| 005 | 20200930080331.0 | ||
| 008 | 120329s2012 dr 000 0 spa d | ||
| 020 | _a9789945408195 | ||
| 040 |
_aDO-SdBNP _bspa _cBNPHU |
||
| 082 |
_axxxx _bS715t |
||
| 100 | 1 |
_aSosa Sosa, Diego A., _d1966- _93236 |
|
| 245 | 1 | 0 |
_a¿No tienes tiempo? / _cDiego A. Sosa Sosa. |
| 250 | _a3a ed. | ||
| 260 |
_aSanto Domingo : _bBúho, _c2012. |
||
| 300 |
_a132 p. ; _c24 cm. |
||
| 500 | _a¡El manejo del tiempo no existe, si quieres más tiempo, aprende a ser efectivo en la ejecución de tus tareas | ||
| 999 |
_c36872 _d36872 |
||